| 000 | 00964nas a2200289 4500 | ||
|---|---|---|---|
| 001 | BR0202622 | ||
| 003 | BR-BrBNA | ||
| 005 | 20231205102958.0 | ||
| 007 | ta | ||
| 008 | 230509b bl.|||p| |||| 00| 00por d | ||
| 040 |
_aBR-BrBNA _bpor _cBiblioteca Nacional de Agricultura |
||
| 041 | _a(Pt) | ||
| 072 | _aL73 | ||
| 100 | 1 | _aSantos, H.Q. dos | |
| 100 | 1 | _aLinhares, G.F.C. | |
| 100 | 1 | _aModruga, C.R. | |
| 245 | 1 | _aEstudo da prevalência de anticorpos anti-babesia bovis e anti-Babesia bigemina em bovinos de leite da microrregião de Goiânia determinada pelos testes de imunofluorescência indireta e ELISA | |
| 650 | _aGADO LEITEIRO | ||
| 650 | _aPROTOZOÁRIO | ||
| 650 | _aANTICORPO | ||
| 650 | _aIMUNOFLUORESCÊNCIA | ||
| 650 | _aELISA | ||
| 650 | _aGOIÁS | ||
| 773 | 0 |
_tCiência Animal Brasileira (Brazil) _xISSN 1518-2797 _g(Jul-Dec 2001), v. 2(2) p. 133-137 _wBR0202622 |
|
| 909 |
_a202311 _bLúcia _c55 _dLúcia Elande |
||
| 942 |
_2AGRIS _n0 _cANA |
||
| 999 |
_c170382 _d170382 |
||